000 00598nam a22001815i 4500
001 172093
003 ES-MaACL
005 20250731070136.0
008 090615s1970 sp |||| | spa d
080 _a821.134.2-31.09"19"
100 1 _aSobejano, Gonzalo.
_9106979
245 1 0 _aNovela española de nuestro tiempo
_b: (en busca del pueblo perdido) /
_cGonzalo Sobejano.
260 _a[Madrid] :
_bPrensa Española,
_c1970.
300 _a479 p. ;
_c18 cm.
650 1 4 _aNovela española-
_yS.XX-
_xHistoria y crítica
_915617
852 _aES-MaACL
_jC-40392
_9R.76163
999 _c172093
_d172093